| 000 | 00372pab a2200145 454500 | ||
|---|---|---|---|
| 008 | 180718b1989 xxu||||| |||| 00| 0 eng d | ||
| 100 | _aKabra, Kamal Nayan | ||
| 245 | _aCentre - state relations and purposive decentralised planning | ||
| 260 | _c1989 | ||
| 300 | _a11-14 | ||
| 362 | _aJul. | ||
| 650 | _aFederal - State Relations | ||
| 773 | _aMainstream | ||
| 909 | _a8345 | ||
| 999 |
_c8345 _d8345 |
||